Transferové oceňovanie definícia závislých osôb
S novelizáciou slovenského režimu práva transferového oceňovania došlo od 1.1.2015 k rozšíreniu jeho osobnej pôsobnosti a k podstatnému sprísneniu povinnosti vyplývajúcich pre daňové subjekty. Článok sa zameriava na podstatu vybraných foriem závislosti a tiež na spôsob výpočtu majetkovej, resp. pers...
Na minha lista:
| Autor principal: | |
|---|---|
| Formato: | Capítulo de Livro |
| Idioma: | eslovaco |
| Assuntos: | |
| Tags: |
Sem tags, seja o primeiro a adicionar uma tag!
|
MARC
| LEADER | 00000naa a2200000 4500 | ||
|---|---|---|---|
| 001 | 0200468 | ||
| 005 | 20231114104030.6 | ||
| 041 | 0 | |a slo | |
| 044 | |a SK | ||
| 245 | 1 | 0 | |a Transferové oceňovanie |b definícia závislých osôb |c Michal Kočiš |
| 520 | |a S novelizáciou slovenského režimu práva transferového oceňovania došlo od 1.1.2015 k rozšíreniu jeho osobnej pôsobnosti a k podstatnému sprísneniu povinnosti vyplývajúcich pre daňové subjekty. Článok sa zameriava na podstatu vybraných foriem závislosti a tiež na spôsob výpočtu majetkovej, resp. personálnej účasti daňovníkov. | ||
| 610 | 2 | 0 | |a oceňovanie transferové |
| 610 | 2 | 0 | |a úpravy právne |
| 610 | 2 | 0 | |a osoby závislé |
| 100 | 1 | |a Kočiš, Michal | |